| 000 -LEADER |
| fixed length control field |
00657nam a22002057a 4500 |
| 003 - CONTROL NUMBER IDENTIFIER |
| control field |
OSt |
| 005 - DATE AND TIME OF LATEST TRANSACTION |
| control field |
20190221101925.0 |
| 008 - FIXED-LENGTH DATA ELEMENTS--GENERAL INFORMATION |
| fixed length control field |
190221b xxu||||| |||| 00| 0 spa d |
| 040 ## - CATALOGING SOURCE |
| Transcribing agency |
PJ |
| 100 ## - ASIENTO PRINCIPAL - NOMBRE DE PERSONA |
| 9 (RLIN) |
903 |
| Personal name |
Videla Escalada, Federico N. |
| 245 13 - MENCIÓN DE TÍTULO |
| Título propiamente dicho |
Las sociedades civiles / |
| Mención de responsabilidad, etc |
Federico N.Videla Escalada. |
| 260 ## - PUBLICATION, DISTRIBUTION, ETC. (IMPRINT) |
| Place of publication, distribution, etc |
Buenos Aires : |
| Date of publication, distribution, etc |
Abeledo-Perrot, |
| Name of publisher, distributor, etc |
1962. |
| 300 ## - DESCRIPCION FISICA |
| Extent |
382 p. |
| Dimensions |
22 cm. |
| 500 ## - NOTA GENERAL |
| General note |
Citas y notas a pie de página. |
| 504 ## - NOTA DE BIBLIOGRAFÍA, ETC. |
| Bibliography, etc |
Bibliografía: p. 377-379. |
| 650 #0 - ASIENTO SECUNDARIO DE MATERIA - TERMINO TEMATICO |
| 9 (RLIN) |
352 |
| Topical term or geographic name as entry element |
DERECHO CIVIL |
| 650 #0 - ASIENTO SECUNDARIO DE MATERIA - TERMINO TEMATICO |
| 9 (RLIN) |
3762 |
| Topical term or geographic name as entry element |
PERSONAS JURÍDICAS DE CARÁCTER PRIVADO |
| 650 #0 - ASIENTO SECUNDARIO DE MATERIA - TERMINO TEMATICO |
| 9 (RLIN) |
3763 |
| Topical term or geographic name as entry element |
SOCIEDADES CIVILES |
| 942 ## - ADDED ENTRY ELEMENTS (KOHA) |
| Koha item type |
Libros |
| Source of classification or shelving scheme |
|
| Classification part |
347.471 |
| Item part |
VID |